000 02294cam a22004454a 4500
001 15038427
005 20080903164557.0
008 071005s2009 njua bf 001 0 eng
010 _a 2007041544
016 7 _a101318090
_2DNLM
020 _a9780135128374
020 _a0135128374
035 _a(OCoLC)174094348
_z(OCoLC)184828824
035 _a(OCoLC)ocn174094348
040 _aDNLM/DLC
_cDLC
_dNLM
_dBTCTA
_dBAKER
_dYDXCP
_dC#P
_dULB
_dCDX
_dDLC
042 _apcc
050 1 0 _aRT41
_b.K723 2009
060 0 0 _a2008 J-569
060 1 0 _aWY 49
_bB516s 2009
082 0 0 _a610.73
_222
_bBER
100 1 _aBerman, Audrey.
_920715
245 1 0 _aSkills in Clinical Nursing /
_cAudrey Berman, Shirlee Synder, Christina Jackson.
250 _a6th ed.
260 _aUpper Saddle River, N.J. :
_bPearson Prentice Hall,
_cc2009.
300 _axvii, 877 p. :
_bill. (chiefly col.) ;
_c28 cm. +
_e1 CD-ROM (4 3/4 in.)
500 _aRev. ed. of: Kozier & Erb's techniques in clinical nursing. 5th ed. 2002.
504 _aIncludes bibliographical references and index.
505 0 _aIntroduction -- Health assessment -- Assisting with client hygiene and comfort -- Mobility and safety -- Medication administration -- Nutrition and elimination -- Circulatory and ventilatory support -- Wounds and injury care.
650 0 _aNursing
_vHandbooks, manuals, etc.
_920716
650 1 2 _aNursing Care
_vHandbooks.
_920717
650 2 2 _aNursing Process
_vHandbooks.
_920718
700 1 _aSynder, Shirlee.
_920719
700 1 _aJackson, Christina.
_920720
730 0 _aKozier & Erb's techniques in clinical nursing.
_920721
942 _2ddc
_cBB
999 _c10853
_d10853